| 000 | 00840nas a2200277 4500 | ||
|---|---|---|---|
| 001 | BR0201845 | ||
| 003 | BR-BrBNA | ||
| 005 | 20231205102847.0 | ||
| 007 | ta | ||
| 008 | 230509b bl.|||p| |||| 00| 00por d | ||
| 040 |
_aBR-BrBNA _bpor _cBiblioteca Nacional de Agricultura |
||
| 041 | _a(Pt) | ||
| 072 | _aF03 | ||
| 100 | 1 | _aAhrens, D.C. | |
| 100 | 1 | _aVillela, F.A. | |
| 100 | 1 | _aDoni-Filho, L. | |
| 245 | 1 | _aQualidade fisiológica e industrial de sementes de aveia-branca (Avena sativa L.)na secagem intermitente | |
| 650 | _aAVEIA | ||
| 650 | _aSEMENTE | ||
| 650 | _aQUALIDADE | ||
| 650 | _aFISIOLOGIA VEGETAL | ||
| 650 | _aSECAGEM ARTIFICIAL | ||
| 773 | 0 |
_tRevista Brasileira de Sementes (Brazil) _xISSN 0101-3122 _g(2000), v. 22(2) p. 12-20 _wBR0201845 |
|
| 909 |
_a202311 _bLúcia _c55 _dLúcia Elande |
||
| 942 |
_2AGRIS _n0 _cANA |
||
| 999 |
_c169753 _d169753 |
||